LIBRARY ONLINE CATALOGUE

Knowledge representation, reasoning, and the design of intelligent agents : (Record no. 20446)

MARC details
000 -LEADER
fixed length control field 00999cam a2200289 i 4500
001 - CONTROL NUMBER
control field 17825948
003 - CONTROL NUMBER IDENTIFIER
control field OSt
005 - DATE AND TIME OF LATEST TRANSACTION
control field 20240624103827.0
008 - FIXED-LENGTH DATA ELEMENTS--GENERAL INFORMATION
fixed length control field 130725s2014 nyua b 001 0 eng
010 ## - LIBRARY OF CONGRESS CONTROL NUMBER
LC control number 2013029651
020 ## - INTERNATIONAL STANDARD BOOK NUMBER
International Standard Book Number 9781107029569
040 ## - CATALOGING SOURCE
Original cataloging agency DLC
Language of cataloging eng
Transcribing agency DLC
Description conventions rda
Modifying agency DLC
042 ## - AUTHENTICATION CODE
Authentication code pcc
050 00 - LIBRARY OF CONGRESS CALL NUMBER
Classification number QA76.76.I58
Item number G45 2014
100 1# - MAIN ENTRY--PERSONAL NAME
Personal name Gelfond, Michael,
245 10 - TITLE STATEMENT
Title Knowledge representation, reasoning, and the design of intelligent agents :
Remainder of title the answer-set programming approach /
Statement of responsibility, etc. Michael Gelfond
264 #1 - PRODUCTION, PUBLICATION, DISTRIBUTION, MANUFACTURE, AND COPYRIGHT NOTICE
Place of production, publication, distribution, manufacture New York, NY :
Name of producer, publisher, distributor, manufacturer Cambridge University Press,
Date of production, publication, distribution, manufacture, or copyright notice 2014.
300 ## - PHYSICAL DESCRIPTION
Extent xiv, 348 p :
336 ## - CONTENT TYPE
Content type term text
Source rdacontent
337 ## - MEDIA TYPE
Media type term unmediated
Source rdamedia
338 ## - CARRIER TYPE
Carrier type term volume
Source rdacarrier
650 #0 - SUBJECT ADDED ENTRY--TOPICAL TERM
Topical term or geographic name as entry element Intelligent agents (Computer software)
700 1# - ADDED ENTRY--PERSONAL NAME
Personal name Kahl, Yulia,
Dates associated with a name 1970-
Relator term author.
906 ## - LOCAL DATA ELEMENT F, LDF (RLIN)
a 7
b cbc
c orignew
d 1
e ecip
f 20
g y-gencatlg
942 ## - ADDED ENTRY ELEMENTS (KOHA)
Source of classification or shelving scheme Library of Congress Classification
Koha item type General Collection
Holdings
Withdrawn status Lost status Source of classification or shelving scheme Not for loan Home library Current library Date acquired Cost, normal purchase price Total Checkouts Full call number Barcode Date last seen Price effective from Koha item type
    Library of Congress Classification   Kabarak, Main Campus Kabarak, Main Campus 24/06/2024 8027.00   QA76.76.I58 G45 2014 c.1 34135 24/06/2024 24/06/2024 General Collection